000 01130nam a22002777a 4500
003 DO-SdBNP
005 20250611073818.0
007 ta
008 210423b2020 dr ad||gr|||| 00| 0 spa d
020 _a9789945621303
040 _aDO-SdBNP
_bspa
_cBNPHU
041 _hspa
082 4 _a362.1969792
_bR426g
_222
110 1 _aRepública Dominicana.
_bMinisterio de Salud Pública
_980830
245 1 0 _aGuía de la profilaxis pre-exposición al VIH (PrEP) en la República Dominicana /
_celaboración Carlos Julio Rodriguez Tavarez ; coordinación técnica, José A. Ledesma, Luis G. Caminero Rodríguez.
260 _aSanto Domingo :
_bMinisterio de Salud,
_c2020
300 _a22 p. :
_bil. ;
_c25 cm.
500 _aIncluye referencias bibliográficas y notas al pie de las páginas
504 _aBibliografía: p. 21-22
590 _aInventariado, 2022/MFF
650 0 _aSIDA (Enfermedad)
_xPrevención y control
_952709
650 4 _aPlanificación en salud
_zRepública Dominicana
_982504
650 0 _aPolítica sanitaria
_zRepública Dominicana
_91344
910 _aValidado. Control de calidad MFF
942 _2ddc
_cLBS1
999 _c49780
_d49780